000 01178nam a22001817a 4500
008 221220s2022 xxk|||||o|||| 00| 0 eng d
041 _aeng
110 _aRoyal Institution of Chartered Surveyors
245 _aRICS AGM 2022:
_bQuestions and answers
_h[Electronic resource]
260 _aLondon,
_bRoyal Institution of Chartered Surveyors,
_c8 December 2022
300 _a12p
490 _aRICS AGM
520 _aRICS Annual General Meeting on 8 December was a timely opportunity for members to hear from the Governing Council.Along with a look at last year's performance and a new RICS Board Chair announcement, almost 240 attendees joined us in person and online to ask questions about issues that matter to them. Questions included the following topics: Assessments; APC; EPCs; EWS1; Spray foam insulation; RICS transformation programme; BCIS; Library; new Knowledge and Practice Directorate; Regional boards;
651 _aUnited Kingdom
710 _aRoyal Institution of Chartered Surveyors
856 _uhttps://www.rics.org/profession-standards/knowledge-and-information-services/document-delivery-and-o
_zemail [email protected] to request a copy
942 _n0
999 _c121279
_d121279